4ème déclinaison - Latin - Statistiques

Statistiques générales
  • Ce quiz a été pris 119 fois
  • Le résultat moyen est 10 sur 12
Statistiques - réponses
Hint Réponse % Correct
Exercit- us
100%
Exercit- us
100%
Exercit- um
98%
Exercit- us
84%
Exercit- us
84%
Exercit- us
84%
Exercit- us
84%
Exercit- ibus
82%
Exercit- ibus
82%
Exercit- u
78%
Exercit- uum
78%
Exercit- ui
71%
Aucun quiz correspondant
Distribution des résultats
% des personnes avec chaque résultat
Percentile par nombre de réponses
Votre historique - résultats
Vous n’avez pas pris ce quiz